000 01163nam2a2200241 4500
001 rc\2966572
005 20260315061436.0
035 _a(NLR Aleph) 007112980
090 _a13606773
_c13606773
100 _a20110905d1933 u y0rusy50 ca
101 0 _arus
102 _aRU
105 _ay z |||||
200 0 _aЗадание № 5
_fД. Тихомиров
210 _d[1933]
215 _a8 с.
461 0 _1001rc\2966571
_12000#$aФизическая география$fВсесоюз. коммун. ин-т журналистики им. "Правды" при ЦИК СССР. Заоч. и докомвузовская подготовка. 1932-33 учеб. год$vЗадание № 5
_96787004
_c[Москва]
_d[1933]
_fВсесоюз. коммун. ин-т журналистики им. "Правды" при ЦИК СССР. Заоч. и докомвузовская подготовка. 1932-33 учеб. год
_nБ. и.
_tФизическая география
_vЗадание № 5
700 1 _aТихомиров
_bД.
801 0 _aRU
_bNLR
_gpsbo
801 1 _aRU
_bELAR
_2rusmarc
852 _aNLR
_j32-15/174(5)
942 _cUNSPEC
980 _aNB